People Categories Quiz Stats

 Plays Quiz not verified by Sporcle

Score 0/23 Timer 08:00
0 Plays Today
% Correct
Peppermint Patty
88.9%
Lord Voldemort
88.9%
Queen of Hearts
87.7%
Kim
86.4%
Rhett Butler
86.4%
Peter
81.5%
Luca Brasi
76.5%
Data
76.5%
Nicolas Cage
75.3%
Lilith Sternin
71.6%
Lisa
70.4%
Azrael
67.9%
% Correct
Sea Hag
66.7%
Ralph Furley
63%
Gertie
63%
Dustin Moskovitz
61.7%
Maria Rainer
60.5%
Gabriella Montez
59.3%
Marilyn
59.3%
Carrie
58%
Kris Munroe
56.8%
Steve Sanders
55.6%
Monroe Ficus
30.9%

You're not logged in!

Compare scores with friends on all Sporcle quizzes.
OR
Log In

Sporcle TV

Today on Sporcle TV


Watch our educational content, quiz creation guides, and fun videos on Sporcle TV.

Show Comments

Extras

Top Quizzes Today


Score Distribution

Your Account Isn't Verified!

In order to create a playlist on Sporcle, you need to verify the email address you used during registration. Go to your Sporcle Settings to finish the process.

Report this User

Report this user for behavior that violates our Community Guidelines.

Details: